Biblioteca

Y su discípulo, ¿dónde está? (Registro nro. 49784)

Detalles MARC
000 -LÍDER
Campo fijo de descripción fija 00998aab a2200217 4500
001 - NÚMERO DE CONTROL
Campo de control 768714001
003 - IDENTIFICADOR DEL NÚMERO DE CONTROL
Campo de control CO-MdFUSB
005 - FECHA Y HORA DE LA ULTIMA TRANSACCIÓN
control field 20240605144827.0
008 - ELEMENTOS DE LONGITUD FIJA -- INFORMACIÓN GENERAL
Campo fijo de descripción fija -- Información general 170509s1993 cr ||||| |||| 00| 0 spa d
022 ## - NÚMERO INTERNACIONAL NORMALIZADO PARA PUBLICACIONES SERIADAS
Número Internacional Normalizado para Publicaciones Seriadas 1409-1968
040 ## - FUENTE DE CATALOGACIÓN
Agencia Catalogadora CO-MdFUSB
Idioma de catalogación spa
Agencia que realiza la transcripción CO-MdFUSB
Agencia que realiza la modificación CO-MdFUSB
041 ## - CÓDIGO DE IDIOMA
Código de idioma para texto/pista de sonido o título separado spa
100 1# - ASIENTO PRINCIPAL--NOMBRE PERSONAL
Nombre personal Landrey, Pablo
Término relacionador autor
245 10 - TÍTULO
Título Y su discípulo, ¿dónde está?
Mención de responsabilidad / Pablo Landrey
300 ## - DESCRIPCIÓN FÍSICA
Extensión Volumen 10. Número 5 (1993), páginas 24-25
Dimensiones : 27 cm.
520 ## - NOTA DE RESUMEN, ETC.
Nota de sumario, etc. El discipulado es una de las fuertes responsabilidades de la iglesia. Consiste en educar, capacitar e integrar a las personas en la dinámica de la vida cristiana. Esta vida se basa en la comunión intima con Dios, por medio de Jesucristo y está relacionada y establecida como resultado del evangelismo y de la regeneración del Espíritu.
650 #0 - ASIENTO SECUNDARIO DE MATERIA - TERMINO TEMÁTICO
Término temático o nombre geográfico como elemento de entrada Discipulado
9 (RLIN) 2945
773 0# - ASIENTO DE ITEM FUENTE
Título Apuntes Pastorales
Biblionumber 49442
Itemnumber 60186
Parte(s) relacionada(s) / Volumen., número. (mes año), páginas Volumen 10. Número 5 (1993), páginas 24-25
Enumeración y primera página Páginas 24
942 ## - TIPO DE MATERIAL (KOHA)
Tipo de Item KOHA Artículos de Revista
945 ## - INFORMACIÓN LOCAL DEL REGISTRO
Catalogador JTF-925

No hay ítems disponibles.

Biblioteca FUSBC | Teléfono: (57+4) 349 88 10 Ext. 141| WhatsApp (+57) 3005338115 
E-mail: biblioteca@unisbc.edu.co | Calle 76 87-14 Robledo Palenque, Medellín, Colombia

Con tecnología Koha